Welcome to the Holygrace Academy Library

Please use search bar below to get started

ROBINHOOD'S BEST SHOT (Record no. 58)

MARC details
000 -LEADER
fixed length control field 00320nam a22001337a 4500
020 ## - INTERNATIONAL STANDARD BOOK NUMBER
ISBN 978-0-340-91797-8
082 ## - DEWEY DECIMAL CLASSIFICATION NUMBER
Classification number 823
Item number WHY/R
100 ## - MAIN ENTRY--AUTHOR NAME
Personal name IAN WHYBROW
245 ## - TITLE STATEMENT
Title ROBINHOOD'S BEST SHOT
260 ## - PUBLICATION, DISTRIBUTION, ETC. (IMPRINT)
Place of publication LONDON
Name of publisher HODDER CHILDRENS BOOKS
Year of publication 2000
300 ## - PHYSICAL DESCRIPTION
Number of Pages 64
650 ## - SUBJECT ADDED ENTRY--TOPICAL TERM
Topical Term CHILDRENS STORY BOOK
Geographic subdivision UNITED KINGDOM
942 ## - ADDED ENTRY ELEMENTS (KOHA)
Koha item type Books

No items available.